| 000 | 00498nam a22001577a 4500 | ||
|---|---|---|---|
| 005 | 20180727130420.0 | ||
| 020 |
_a0195647351 _c00.00 |
||
| 035 | _aB-11632, B-011631 | ||
| 037 |
_aDPL _bENG |
||
| 100 | _aDholakia, Ravindra H. | ||
| 245 |
_aMicroeconomics for management students / _cby Ravindra H. Dholakia and Ajay N. Oza |
||
| 260 |
_aNew Delhi _bOxford University Press _c1999 |
||
| 300 |
_ax, 535p. _c18 cms. |
||
| 700 |
_aOza, Ajay N. _946423 |
||
| 942 |
_2ddc _cEN _h330.9 _mDHO |
||
| 999 |
_c66170 _d66170 |
||